LEADER 01177nas a2200241 i 4500 001 000000221869 003 CaOOAMICUS 005 20150114000000.0 008 130819b2013 fr uu u0 0fre r 013 $a200766 040 $aSeMil$bita 245 10$a[2013]. 260 $aParis :$bLibrairie Philosophique J. Vrin,$c2013. 300 $a623 p. ;$c25 cm. 500 $aArticoli con sintesi in francese [Résumé] e in inglese [Abstract] in coda. - Contiene [Bollettini periodici] : Bulletin d'histoire des ésotérismes ; Bulletin de théologie ; Bulletin de théologie dogmatique ; Bulletin de théologie littéraire. - In copertina : Publiée avec le concours du Centre National de Recerche Scientifique et du Centre National du Livre. 774 0 $tJanvier-Mars.$w()279625 774 0 $tTheologie et philosophie en prédication.$w()280507 774 0 $tOctobre-Décembre.$w()280819 850 $aSeMil 852 $aSeMil$W1$xVenegono$y1$m21 5 29$j172218$B172218$CSeMilBibl$Z2$F199060 $85 961 $aAbbonamento: Vrin 996 $6245$a[2013]$9(OLS)http://semarc/title/311212 996 $6260$aParis :$bLibrairie Philosophique J. Vrin$9(OLS)http://semarc/publisher/30022 LEADER 00923nam a2200217 i 4500 001 000000228049 003 CaOOAMICUS 005 20140314000000.0 008 140314s1880 it u000 u lat u 013 $a206951 040 $aSeMil$bita 245 10$aTabula aurea. 2, P-Z :$bet authoritates Divinae Scripturae /$cMagistri Petri de Bergomo. 300 $a562 p. 500 $aFondo Bidoglio. 700 1 $aPietro : da Bergamo .$0(OLS)http://semarc/name/90835 773 0 $aTommaso : d'Aquino $tDoctoris Angelici divi Thomae Aquinatis ... Opera omnia.$dParisiis : Apud Ludovicum Vivès, 1871-1880.$g34$w()9986 850 $aSeMil 852 $aSeMil$W1$xVenegono$y1$m2D VII 34 FA$j178395$B178395$CSeMilBibl$Z2$F189143 $8I 941 1 $a2 961 $aLascito: Bidoglio don Maurizio 996 $6245$aTabula aurea. 2, P-Z :$bet authoritates Divinae Scripturae$9(OLS)http://semarc/title/326418